Sports Quiz

Random Sports or World Quiz

Sports Foursomes Quiz Stats

 Plays Quiz not verified by Sporcle

Challenge
Share
Tweet
Embed
Score 0/32 Timer 05:00
0 Plays Today
Category Player or Team % Correct
MLB - American League Teams with at least 10 World Series AppearancesNew York Yankees
97.3%
MLB - American League Teams with at least 10 World Series AppearancesBoston Red Sox
94.8%
NBA - Players with 30,000+ career NBA pointsMichael Jordan
93.2%
MLB - National League Teams with at least 10 World Series AppearancesSt. Louis Cardinals
85.2%
NBA - Players with 30,000+ career NBA pointsKareem Abdul-Jabbar
84.3%
MLB - National League Teams with at least 10 World Series AppearancesLos Angeles Dodgers
82.1%
FBS - SEC BCS National ChampionsUniversity of Florida
79.8%
NFL - Teams with no Super Bowl AppearancesHouston Texans
78.8%
NBA - Players with 30,000+ career NBA pointsWilt Chamberlain
78%
MLB - National League Teams with at least 10 World Series AppearancesSan Francisco Giants
77.5%
MLB - American League Teams with at least 10 World Series AppearancesOakland Athletics
76.4%
FBS - SEC BCS National ChampionsUniversity of Alabama
74.1%
OLY - Gold Medal Winning teams Men's BasketballUnited States
73.3%
NFL - Teams with no Super Bowl AppearancesJacksonville Jaguars
72.5%
MLB - National League Teams with at least 10 World Series AppearancesChicago Cubs
72%
English Premier League ChampionsManchester United
70%
Category Player or Team % Correct
FBS - SEC BCS National ChampionsLouisiana State University
69.5%
NFL - Teams with no Super Bowl AppearancesCleveland Browns
69.4%
NFL - Teams with no Super Bowl AppearancesDetroit Lions
68.3%
NBA - Players with 30,000+ career NBA pointsKarl Malone
67.9%
MLB - American League Teams with at least 10 World Series AppearancesDetroit Tigers
66.2%
English Premier League ChampionsF.C. Chelsea
56.6%
FBS - SEC BCS National ChampionsUniversity of Tennessee
55.3%
NFL - Coaches with at least 3 Super Bowl WinsBill Belichick
54.1%
OLY - Gold Medal Winning teams Men's BasketballArgentina
50.2%
English Premier League ChampionsArsenal F.C.
44.3%
NFL - Coaches with at least 3 Super Bowl WinsBill Walsh
40.9%
OLY - Gold Medal Winning teams Men's BasketballSoviet Union
37.9%
NFL - Coaches with at least 3 Super Bowl WinsChuck Noll
36.2%
NFL - Coaches with at least 3 Super Bowl WinsJoe Gibbs
24.4%
English Premier League ChampionsBlackburn Rovers F.C.
10.7%
OLY - Gold Medal Winning teams Men's BasketballYugoslavia
10.4%

You're not logged in!

Compare scores with friends on all Sporcle quizzes.
OR
Log In

You Might Also Like...

Show Comments

Extras

Top Quizzes Today


Score Distribution

Your Account Isn't Verified!

In order to create a playlist on Sporcle, you need to verify the email address you used during registration. Go to your Sporcle Settings to finish the process.

Report this User

Report this user for behavior that violates our Community Guidelines.

Details: